000 00797nam a2200265Ia 4500
003 OSt
005 20220918180057.0
006 a|||||r|||| 00| 0
007 ta
008 220917b |||||||| |||| 00| 0 eng d
024 _a20,549
037 _cTextual
040 _aARTS
_cARTS
_beng
041 _2eng
_aeng
082 _a2k, N1 (2D) -;1 (2D)
100 _aVijaya Kumar P comp & ed
_955629
245 0 _aLibrary and information science
_b a general knowledge encyclopedia
260 _aJaipur
_bRBSA Pub
_c1991
300 _a287-320p
_ccm.
500 _aIncludes index
650 _aLIBRARY SCIENCE
700 _a Sood S.P comp & ed
_955630
942 _h2k, N1 (2D) -;1 (2D)
_cTEXL
_2CC
999 _c160249
_d160249